Quizzes
Events
Quiz Creation
Community
Videos
Private Events
Remove Ads
Sign In
Join for FREE
Feedback
Dark Mode
Quiz Categories
Sports
Geography
Music
Movies
Television
Just For Fun
Miscellaneous
History
Literature
Language
Science
Gaming
Entertainment
Religion
Holiday
For Kids
Quiz Lab
Recent
Popular Today
Quiz Kudos Today
Editor Picks
Curator Picks
Quizzes by...
Day
Popularity
Type
Ratings
Length
Year
Community
Subscriptions
Recent Discussions
Orange Saloon
Badges
Playlists
Quests
Create
Leaderboards
Showdown
Live 5
Trivia Bingo
Activity
Puzzle Library
Sporcle Events
Private Events
Virtual Trivia
Globe League
Become a Host
Pub Owners
SporcleCon
Opinionation
Our Games
Videos
Blog
Mobile Apps
Partnerships
Remove Ads and Go Orange
Feedback
Geography
Country
Landmarks
City
State
Population
World
Capital
Continent
Flags
Europe
Africa
Asia
South America
North America
Oceania
Border
Canada
United Kingdom
Topography
United States
Geography
Country
Landmarks
City
State
Population
World
Capital
Continent
Flags
Europe
Africa
Asia
South America
North America
Oceania
Border
Canada
United Kingdom
Topography
United States
Random Quiz
Search Sporcle
×
Quiz Lab
Quiz Lab
Geography
City
Type in answers that appear in a list
Type in answers that appear in a list
Classic
Best Score? Go Orange.
World's Dirtiest/Cleanest Air Stats
Can you name the cities with the most and least air pollution?
By
Swingo
10m
50 Questions
561 Plays
561 Plays
561 Plays
Comments
Comments
Give Quiz Kudos
Give Quiz Kudos
-
- Ratings
hide this ad
More Info
Replay
Link that replays current quiz
Next Quiz
Link to next quiz in quiz playlist
You Got
0%
They Got
Avg Score
39%
Avg Friend Score
Upgrade to see
Score Distribution
Jump to the score distribution portion of the page
Score
0/50
Timer
10:00
0
Plays Today
List
City (particulate matter per m3)
% Correct
Dirtiest Air
Beijing, China (89)
89.7%
Cleanest Air
New York, USA (21)
86.6%
Cleanest Air
London, UK (21)
85%
Dirtiest Air
Shanghai, China (73)
81.3%
Cleanest Air
Paris, France (11)
80.9%
Cleanest Air
Moscow, Russia (21)
76.6%
Cleanest Air
Stockholm, Sweden (11)
69.9%
Cleanest Air
Oslo, Norway (14)
69.9%
Cleanest Air
Sydney, Australia (20)
69.9%
Dirtiest Air
Cairo, Egypt (169)
69%
Dirtiest Air
Delhi, India (150)
62.6%
Cleanest Air
Helsinki, Finland (21)
62.6%
Dirtiest Air
Bangkok, Thailand (79)
58.6%
Cleanest Air
Copenhagen, Denmark (21)
58.6%
Cleanest Air
Vancouver, Canada (13)
58.5%
Cleanest Air
Melbourne, Australia (12)
57.9%
Dirtiest Air
Jakarta, Indonesia (104
56.5%
Cleanest Air
Dublin, Ireland (19)
54.4%
Cleanest Air
Montreal, Canada (19)
54.2%
Dirtiest Air
Kolkata, India (128)
53.5%
Cleanest Air
Munich, Germany (20)
51.9%
Cleanest Air
Cape Town, South Africa (16)
47.4%
Cleanest Air
Auckland, New Zealand (14)
47.1%
Cleanest Air
Perth, Australia (12)
39.6%
Cleanest Air
Budapest, Hungary (19)
39.4%
List
City (particulate matter per m3)
% Correct
Cleanest Air
Reykjavik, Iceland (18)
37.6%
Cleanest Air
Manchester, UK (15)
35.3%
Cleanest Air
Frankfurt, Germany (19)
33.7%
Cleanest Air
Caracas, Venezuela (10)
33.3%
Cleanest Air
Bucharest, Romania (18)
31.7%
Dirtiest Air
Wuhan, China (79)
25.7%
Dirtiest Air
Tianjin, China (125)
25%
Cleanest Air
Havana, Cuba (21)
25%
Dirtiest Air
Chongqing, China (123)
21.4%
Dirtiest Air
Chengdu, China (86)
19.1%
Dirtiest Air
Harbin, China (77)
18.4%
Dirtiest Air
Ahmadabad, India (83)
14.3%
Dirtiest Air
Shenyang, China (101)
13.5%
Cleanest Air
Bratislava, Slovakia (15)
13%
Dirtiest Air
Zhengzhou, China (97)
8.2%
Dirtiest Air
Kunming, China (70)
7.7%
Dirtiest Air
Lucknow, India (109)
7%
Dirtiest Air
Kanpur, India (109)
6.4%
Dirtiest Air
Jinan, China (94)
5.5%
Dirtiest Air
Lanzhou, China (91)
5.2%
Dirtiest Air
Taiyuan, China (88)
5%
Dirtiest Air
Zibo, China (74)
3.7%
Dirtiest Air
Nanchang, China (78)
2.9%
Dirtiest Air
Anshan, China (82)
1.8%
Dirtiest Air
Guiyang, China (70)
1.8%
Quiz Playlist
Details
Report
Send in Message
Add To Playlist
More Info:
110 cities were included in the study; the ones outside the top/bottom 25 are bonus answers
Classic:
Type in answers that appear in a list
Quiz Source
Last Updated: Feb 16, 2017
Quiz Scoreboard
CHALLENGE
Sign Up to Join the Scoreboard
Show All
Scores
Hide
Comments
May contain spoilers
Recently Published
One Thing in Common: World Cities II
by knightlancer
Geography
7m
Popular People in 1961
by mucciniale
History
6m
1-10 Letter E Words III
by El_Dandy
Language
2m
More to Explore
Quiz From the Vault
Featured Blog Post
Where Did the Easter Bunny Come From?
hide this ad
You Might Also Like...
Tags
City Quiz
Nintendo Quiz
World Quiz
Air
cleanest
dirtiest
least
Matter
pollution
Today's Top Quizzes in Geography
Browse Geography
hide this ad
Today's Top Quizzes in City
Browse City
Top Contributed Quizzes in Geography
1
Countries of the World - No Outlines Minefield
2
African Flag Reveal XLV
3
Top 25 Cities of France on a map
4
Closest Countries to UK A-Z
5
Blind Secret Country CLXXXVIII
6
Find the US States - No Outlines
7
One Thing in Common: Asia
8
Blind Ultimate Minefield: Asia
9
30 Pics in 60: Landmark Cities
10
Find the States of India (Picture Click)
Explore More
Trending Topics
Harry Potter
Crossword
Marvel
Anime
Disney
NBA
Kpop
The Office
Country
WWE
Puzzle
Soccer
NFL
Pokémon
Song
hide this ad
More By:
Swingo
Quiz
Plays
Rating
Category
Featured
Created
Literal Chinese Translations
15,442
4.29
Language
Apr 19, 2011
Destinations for American Travelers (2009)
2,206
3.91
Geography
Feb 10, 2011
Gibson's Top 50 Guitarists
1,596
4.08
Music
Jan 31, 2011
U.S. Airports by International Departures
1,393
4.44
Geography
Feb 15, 2011
Guitar One's Top Guitarists
660
4.00
Music
Jan 24, 2011
Go to Creator's Profile
Score Distribution
Quiz Creator Spotlight
Swingo
Follow
Send a Message
Quizzes Created
-
Created Quiz Play Count
-
More By This Creator
Popular Quizzes Today
1
Find the US States - No Outlines Minefield
2
The Countries of the World
3
Popular People in 1961
4
Find the Countries of Europe - No Outlines Minefield
5
1-10 Letter E Words III
6
Find the US States
7
One Thing in Common: World Cities II
8
US States
More Geography Quizzes
Pick a Washington, D.C. Attraction
Published
Trending Quizzes
Country Music Stars Doing Things
Get the Picture: Carrie or Dolly
1-10 Letter F Words
1-10 Letter G Words
Risky Map Clicking: Next State Alphabetically
Recently Updated
Leaping Animals
pecheneg
Reality TV Shows (A-Z)
bhenderson79
Rickey Henderson's Hall of Fame Teammates
pecheneg
Champions League XIs: Arsenal
pecheneg
Quick Pick: Celebrities in WWE's Hall of Fame
aduchscher
A-Z Keypad Blitz II
pecheneg
Multiple Oscar Actors
pecheneg
Mystery Phrase Blitz: Oscar 'Best Actors'
pecheneg
F. Scott Fitzgerald Novels
LTH
Pick 3 Villains
ddd62291
Trending Topics
Disney
Kpop
NBA
Crossword
Marvel
Harry Potter
Anime
Puzzle
The Office
Country
Soccer
Pokémon
Song
NFL
WWE
Your Account Isn't Verified!
In order to create a playlist on Sporcle, you need to verify the email address you used during registration. Go to your
Sporcle Settings
to finish the process.
Report this User
Report this user for behavior that violates our
Community Guidelines
.
Details:
Send Report
Go to the Sporcle.com Mobile Site →
Comments